000 00478nam a2200181Ia 4500
005 20250508154407.0
008 008 250505s9999 xx 000 0 eng d
037 _aTextual
040 _aFEDL
_beng
_cFEDL
041 _aeng
_2eng
084 _a428, WES
_qFEDL
100 _aWest Michael
245 0 _aImprove your english
260 _aLondon, UK
_bLongmans, Green and Co.
_c1948
300 _a159p.
942 _cTEXL
_h428, WES
999 _c1349913
_d1349913